[Event " "]
[Site "CAPELLE LA GRANDE"]
[Date "21.??.??"]
[Round "1.1"]
[White "Winants, Luc"]
[Black "Sebag, Marie"]
[Result "1-0"]
[WhiteElo "2504"]
[BlackElo "2509"]
[PlyCount "147"]
[EventDate "21.??.??"]
[WhiteTeam "Cappelle la Grande"]
[BlackTeam "Chalons en Champagne"]

1. d4 d5 2. c4 c6 3. e3 Nf6 4. Bd3 e6 5. Nf3 Nbd7 6. Nbd2 Be7 7. O-O O-O 8. b3
b6 9. Bb2 Bb7 10. Qc2 h6 11. Rad1 Rc8 12. e4 dxe4 13. Nxe4 Qc7 14. Nxf6+ Nxf6
15. c5 Nd5 16. a3 Nf4 17. Bc4 b5 18. Be2 Rcd8 19. Ne5 Nxe2+ 20. Qxe2 Rd5 21. f4
Rfd8 22. Ng4 Bf8 23. b4 Qe7 24. Rd3 g6 25. Rh3 h5 26. Ne5 Bg7 27. Bc3 Qf6 28.
Rg3 Kf8 29. h3 Kg8 30. Qe1 Qf5 31. Re3 Qf6 32. g4 hxg4 33. hxg4 Kf8 34. Rh3 Ke7
35. Rh7 Rh8 36. Rxh8 Bxh8 37. Kg2 Kf8 38. Qg3 Bg7 39. Qf3 Kg8 40. Rh1 a6 41.
Qe4 Ba8 42. Be1 Qd8 43. Bf2 Bb7 44. Qf3 a5 45. Qh3 Kf8 46. Qh7 Rxd4 47. Bxd4
Qxd4 48. Qh4 axb4 49. axb4 Ke8 50. Qg3 Qxb4 51. Rh7 Kf8 52. Qe3 Kg8 53. Rh1
Qb2+ 54. Kf3 Qc2 55. g5 b4 56. Qd4 Qb3+ 57. Kf2 Qa2+ 58. Ke3 Qa3+ 59. Qd3 Qxd3+
60. Nxd3 Bf8 61. Kd4 Ba6 62. Ne5 Bb5 63. Rb1 Be7 64. Rxb4 Kf8 65. Rb1 Kg7 66.
Rd1 f6 67. gxf6+ Bxf6 68. Ke4 g5 69. Rg1 Be7 70. Kd4 g4 71. Nxg4 Kf7 72. Ne5+
Kf6 73. Ke4 Bf8 74. Nd7+ 1-0

[Event " "]
[Site "CAPELLE LA GRANDE"]
[Date "21.??.??"]
[Round "1.2"]
[White "Stojanovic, Mihajlo"]
[Black "Carlier, Bruno"]
[Result "1/2-1/2"]
[WhiteElo "2582"]
[BlackElo "2398"]
[PlyCount "83"]
[EventDate "21.??.??"]
[WhiteTeam "Chalons en Champagne"]

1. d4 d6 2. Nf3 g6 3. e4 Bg7 4. Bc4 e6 5. Nbd2 Ne7 6. O-O O-O 7. Re1 Nd7 8. c3
a6 9. a4 b6 10. Bf1 Bb7 11. Nc4 e5 12. dxe5 Nxe5 13. Nfxe5 dxe5 14. Qc2 Nc8 15.
Rd1 Qh4 16. f3 Rd8 17. Be3 Ne7 18. a5 b5 19. Nd2 Nc6 20. Nb3 Rxd1 21. Rxd1 Rd8
22. c4 b4 23. Nc5 Bc8 24. Rd5 Nd4 25. Qd2 Qe7 26. Rxd8+ Qxd8 27. Nb3 c5 28.
Nxc5 Qxa5 29. Nd3 Nc6 30. Nc5 Nd4 31. Nd3 Nc6 32. Nc5 Nd4 33. Bxd4 exd4 34. Nd3
Bf8 35. c5 Qa4 36. Qxb4 Qxb4 37. Nxb4 Bxc5 38. Nxa6 Bd6 39. g3 f5 40. Kf2 fxe4
41. fxe4 Kf7 42. b4 1/2-1/2

[Event " "]
[Site "CAPELLE LA GRANDE"]
[Date "21.??.??"]
[Round "1.3"]
[White "Jossien, Arnaud"]
[Black "Barsov, Alexei"]
[Result "1/2-1/2"]
[WhiteElo "2384"]
[BlackElo "2526"]
[PlyCount "131"]
[EventDate "21.??.??"]
[WhiteTeam "Cappelle la Grande"]
[BlackTeam "Chalons en Champagne"]

1. Nf3 d5 2. g3 Bg4 3. Bg2 e6 4. c4 c6 5. Qb3 Qb6 6. d4 Nd7 7. Nc3 Ngf6 8. O-O
Be7 9. Bf4 O-O 10. c5 Qa6 11. Rfc1 b6 12. cxb6 axb6 13. Ne5 Nxe5 14. Bxe5 Nd7
15. Bf4 c5 16. dxc5 bxc5 17. e4 g5 18. Bd2 Rfb8 19. Qc2 d4 20. Nd1 Ne5 21. b3
Qe2 22. Nb2 c4 23. h3 d3 24. Qc3 Bf6 25. Nxc4 Nf3+ 26. Bxf3 Qxf3 27. e5 Bxh3
28. Ne3 Bg7 29. Kh2 Qh5 30. Kg1 Rd8 31. a4 h6 32. a5 Qf3 33. a6 Rd5 34. Qc8+
Rd8 35. Qb7 Qe2 36. Nc4 Bxe5 37. Nxe5 Qxe5 38. Bc3 Qf5 39. a7 Bg4 40. Ra5 Bf3
41. Qxa8 Rxa8 42. Rxf5 exf5 43. Ra1 Kh7 44. Kf1 Rc8 45. Bd2 Rc2 46. Ke1 Rb2 47.
b4 Kg6 48. Bc3 Re2+ 49. Kf1 Rc2 50. Be1 d2 51. Bxd2 Rxd2 52. a8=Q Bxa8 53. Rxa8
Rb2 54. Rb8 Kh5 55. Rf8 Rxb4 56. Rxf7 Kg4 57. Kg2 f4 58. Rf6 fxg3 59. f3+ Kh5
60. Kxg3 Rb8 61. Rc6 Rg8 62. f4 Ra8 63. fxg5 Ra3+ 64. Kg2 hxg5 65. Rc4 Rb3 66.
Ra4 1/2-1/2

[Event " "]
[Site "CAPELLE LA GRANDE"]
[Date "21.??.??"]
[Round "1.4"]
[White "Belkhodja, Slim"]
[Black "Platel, Alexandre"]
[Result "1-0"]
[WhiteElo "2478"]
[BlackElo "2251"]
[PlyCount "59"]
[EventDate "21.??.??"]
[WhiteTeam "Chalons en Champagne"]

1. e4 c5 2. Nf3 e6 3. d4 cxd4 4. Nxd4 a6 5. Bd3 Nc6 6. Nxc6 dxc6 7. Qe2 e5 8.
a4 a5 9. Nd2 Nf6 10. Nc4 Qc7 11. f4 exf4 12. O-O Bc5+ 13. Kh1 Bg4 14. Qe1 g5
15. Bd2 O-O 16. g3 Bh3 17. gxf4 Bxf1 18. Qg3 Nxe4 19. Bxe4 Qe7 20. Ne5 f6 21.
Rxf1 fxe5 22. f5 h6 23. h4 Rad8 24. hxg5 Rxd2 25. f6 Qd7 26. gxh6+ Kh8 27. Qg7+
Qxg7 28. fxg7+ Kg8 29. gxf8=Q+ Bxf8 30. h7+ 1-0

[Event " "]
[Site "CAPELLE LA GRANDE"]
[Date "21.??.??"]
[Round "1.5"]
[White "Jossien, Remy"]
[Black "Cossin, Sebastien"]
[Result "0-1"]
[WhiteElo "2257"]
[BlackElo "2437"]
[PlyCount "48"]
[EventDate "21.??.??"]
[WhiteTeam "Cappelle la Grande"]
[BlackTeam "Chalons en Champagne"]

1. e4 c5 2. Nf3 d6 3. d4 cxd4 4. Nxd4 Nf6 5. Nc3 a6 6. Be2 e5 7. Nb3 Be6 8. O-O
Be7 9. f4 Qc7 10. Nd5 Bxd5 11. exd5 Nbd7 12. c4 O-O 13. Be3 Rfe8 14. Rc1 exf4
15. Rxf4 Rac8 16. Qd4 Bf8 17. Rcf1 g6 18. Nd2 Bh6 19. R4f3 Bg7 20. Qh4 Qa5 21.
Nb3 Qxa2 22. Bd4 Rxe2 23. Nc1 Re4 24. Qh3 Qxc4 0-1

[Event " "]
[Site "CAPELLE LA GRANDE"]
[Date "21.??.??"]
[Round "1.6"]
[White "Marechal, Andy"]
[Black "Marchyllie, Bruno"]
[Result "1-0"]
[WhiteElo "2296"]
[BlackElo "2180"]
[PlyCount "55"]
[EventDate "21.??.??"]
[WhiteTeam "Chalons en Champagne"]

1. e4 Nf6 2. e5 Nd5 3. d4 c6 4. c4 Nb6 5. Nc3 d6 6. exd6 exd6 7. Be2 d5 8. c5
N6d7 9. Nf3 Be7 10. O-O O-O 11. Bf4 b6 12. cxb6 axb6 13. Re1 Nf6 14. Ne5 Bb7
15. Bd3 c5 16. Qf3 Nc6 17. Nxc6 Bxc6 18. a3 Qd7 19. Bg5 Rfe8 20. Bf5 Qb7 21.
Qh3 g6 22. Qh4 Ne4 23. Bxe4 dxe4 24. d5 Bxg5 25. Qxg5 Bd7 26. Nxe4 Rxe4 27.
Rxe4 Bf5 28. Re5 1-0

[Event " "]
[Site "CAPELLE LA GRANDE"]
[Date "21.??.??"]
[Round "1.7"]
[White "Couche, Didier"]
[Black "Dourerassou, Jonathan"]
[Result "0-1"]
[WhiteElo "2121"]
[BlackElo "2371"]
[PlyCount "120"]
[EventDate "21.??.??"]
[WhiteTeam "Cappelle la Grande"]
[BlackTeam "Chalons en Champagne"]

1. d4 Nf6 2. c4 g6 3. Nc3 d5 4. Nf3 Bg7 5. Bg5 Ne4 6. cxd5 Nxg5 7. Nxg5 e6 8.
Nf3 exd5 9. b4 O-O 10. e3 a5 11. b5 Be6 12. Be2 Nd7 13. Rc1 Qe7 14. O-O Rfc8
15. Na4 Rab8 16. Nc5 Nxc5 17. Rxc5 Qd6 18. Qb3 Bf8 19. Ng5 Qd7 20. Nxe6 fxe6
21. Rc2 Bd6 22. e4 dxe4 23. Bg4 Re8 24. d5 Qg7 25. Bxe6+ Kh8 26. Qc3 Rf8 27.
Qxa5 e3 28. Qc3 Qxc3 29. Rxc3 Ra8 30. Rc2 Bf4 31. g3 exf2+ 32. Kg2 Bd6 33.
Rfxf2 Rfd8 34. Rf7 b6 35. h4 Ra3 36. g4 Rg3+ 37. Kf1 Ra8 38. h5 gxh5 39. gxh5
Rag8 40. Rff2 Rg1+ 41. Ke2 Ra8 42. Rf1 Rg5 43. Rf5 Rag8 44. Rxg5 Rxg5 45. Kf3
Rxh5 46. Rg2 h6 47. Ke4 Re5+ 48. Kf3 Re1 49. Kg4 Kh7 50. Kf5 Rf1+ 51. Kg4 Kg6
52. Kh3+ Kf6 53. Kg4 Rh1 54. Rf2+ Ke5 55. Re2+ Kd4 56. Rc2 h5+ 57. Kg5 h4 58.
Rg2 h3 59. Rg4+ Kc5 60. Bf5 h2 0-1

[Event " "]
[Site "CAPELLE LA GRANDE"]
[Date "21.??.??"]
[Round "1.8"]
[White "Mancini, Mario"]
[Black "Husson, Cybele"]
[Result "1-0"]
[WhiteElo "2221"]
[BlackElo "2038"]
[PlyCount "57"]
[EventDate "21.??.??"]
[WhiteTeam "Chalons en Champagne"]

1. d4 g6 2. e4 Bg7 3. Nf3 d6 4. Be2 Nd7 5. c4 e5 6. Nc3 exd4 7. Nxd4 Ne7 8. O-O
O-O 9. Bg5 Nc5 10. Bh4 c6 11. Qd2 Qc7 12. Rad1 a5 13. b3 f5 14. exf5 Bxf5 15.
Bf3 Bd3 16. Rfe1 Rf7 17. Ne6 Nxe6 18. Rxe6 Nf5 19. Qxd3 Nxh4 20. Bg4 Raf8 21.
Re2 Be5 22. Be6 Re8 23. Bxf7+ Qxf7 24. Ne4 Qf5 25. Ng3 Qf7 26. Re4 Nf5 27. Nxf5
Qxf5 28. f4 Bd4+ 29. Rxd4 1-0

[Event " "]
[Site "DRANCY"]
[Date "2007.??.??"]
[Round "1.1"]
[White "Onkoud, Abdelaziz"]
[Black "Todorov, Todor"]
[Result "1/2-1/2"]
[WhiteElo "2396"]
[BlackElo "2510"]
[PlyCount "42"]
[EventDate "21.??.??"]
[WhiteTeam "Noisy le Grand"]
[BlackTeam "Drancy"]

1. e4 g6 2. d4 Bg7 3. Nc3 c6 4. Be3 d6 5. Qd2 Nd7 6. Nf3 b5 7. Bd3 Bb7 8. Ne2
Ngf6 9. Bh6 Bxh6 10. Qxh6 e5 11. O-O Ng4 12. Qd2 Qe7 13. h3 Ngf6 14. dxe5 Nxe5
15. Nxe5 dxe5 16. Qh6 Nd7 17. c3 Qf8 18. Qe3 Qc5 19. Qh6 Qf8 20. Qe3 Qe7 21.
Qh6 Qf8 1/2-1/2

[Event " "]
[Site "DRANCY"]
[Date "21.??.??"]
[Round "1.2"]
[White "Komarov, Dimitri"]
[Black "Moreno, Alejandro"]
[Result "1-0"]
[WhiteElo "2533"]
[BlackElo "2408"]
[PlyCount "87"]
[EventDate "21.??.??"]
[WhiteTeam "Drancy"]

1. d4 d5 2. c4 e6 3. Nf3 c6 4. e3 Nf6 5. Bd3 Nbd7 6. O-O Bd6 7. Nbd2 O-O 8. e4
dxe4 9. Nxe4 Nxe4 10. Bxe4 Nf6 11. Bc2 Re8 12. c5 Be7 13. Ne5 g6 14. Re1 Nd7
15. Nc4 e5 16. Bh6 Bf8 17. Bxf8 Rxf8 18. Nxe5 Nxe5 19. Rxe5 Be6 20. Qd2 Qf6 21.
Qe3 Rad8 22. b4 Rd7 23. a4 Rfd8 24. Rd1 a6 25. h3 Kg7 26. Kh2 Bc4 27. f4 a5 28.
bxa5 Ra8 29. f5 Rad8 30. Rd2 g5 31. Bd1 Ra8 32. Qc3 Bd5 33. Bg4 Rh8 34. Bh5 Ra8
35. Rf2 h6 36. Bg4 Rh8 37. Qe3 Rhd8 38. Re6 Bxe6 39. fxe6 Qxd4 40. Qxd4+ Rxd4
41. Rxf7+ Kg8 42. Rxb7 Rxg4 43. hxg4 Ra8 44. a6 1-0

[Event " "]
[Site "DRANCY"]
[Date "21.??.??"]
[Round "1.3"]
[White "Verdier, Patrice"]
[Black "Legky, Nikolay A"]
[Result "0-1"]
[WhiteElo "2289"]
[BlackElo "2473"]
[PlyCount "86"]
[EventDate "21.??.??"]
[WhiteTeam "Noisy le Grand"]
[BlackTeam "Drancy"]

1. d4 d5 2. c4 e6 3. Nf3 a6 4. e3 Nf6 5. Nbd2 c5 6. b3 Nc6 7. Bb2 cxd4 8. exd4
Be7 9. Bd3 O-O 10. O-O b6 11. Rc1 Bb7 12. Qe2 Re8 13. Rfe1 Bf8 14. Nf1 g6 15.
a3 Bg7 16. c5 bxc5 17. Rxc5 Qb6 18. N1d2 Nd7 19. Rc2 Nxd4 20. Nxd4 Bxd4 21.
Bxd4 Qxd4 22. Rc7 Nc5 23. Bc2 Rac8 24. Rxc8 Rxc8 25. b4 Nd7 26. Nb3 Qb2 27. Bd1
Qxa3 28. Qg4 Rc4 29. Qg5 Qxb4 30. Qd8+ Nf8 31. Kf1 Rc3 32. Nd2 a5 33. h4 Ba6+
34. Be2 Bxe2+ 35. Kxe2 Qb5+ 36. Kd1 Rd3 37. Re3 Rd4 38. Rf3 Qb4 39. Qg5 Nd7 40.
h5 Ne5 41. Rh3 f6 42. Qe3 Rd3 43. Qh6 Ng4 0-1

[Event " "]
[Site "DRANCY"]
[Date "21.??.??"]
[Round "1.4"]
[White "Karr, Jean-Philippe"]
[Black "Haik, Aldo"]
[Result "1/2-1/2"]
[WhiteElo "2394"]
[BlackElo "2381"]
[PlyCount "118"]
[EventDate "21.??.??"]
[WhiteTeam "Drancy"]

1. d4 c5 2. d5 Nf6 3. c4 g6 4. Nc3 Bg7 5. e4 d6 6. h3 O-O 7. Nf3 e6 8. Bd3 exd5
9. exd5 Re8+ 10. Be3 Nh5 11. O-O Bxc3 12. bxc3 f5 13. Bg5 Qc7 14. Nd2 Nd7 15.
Bxf5 Ne5 16. Bxc8 Raxc8 17. f4 Nf7 18. Bh4 Ng7 19. Qf3 Qa5 20. Bf6 Nf5 21. Ne4
Qa4 22. Bg5 Rxe4 23. Qxe4 Ng3 24. Qd3 Nxf1 25. Rxf1 Re8 26. Rf2 Re1+ 27. Kh2
Qe8 28. Bf6 Qe4 29. Qxe4 Rxe4 30. g3 h5 31. Rb2 b6 32. a4 h4 33. a5 hxg3+ 34.
Kxg3 Nh6 35. axb6 axb6 36. Rxb6 Nf5+ 37. Kg2 Rxf4 38. Bg5 Rxc4 39. Rb8+ Kf7 40.
Rb7+ Ke8 41. Rb8+ Kd7 42. Rd8+ Kc7 43. Rg8 Rxc3 44. Rxg6 Rg3+ 45. Kh2 c4 46. h4
c3 47. h5 c2 48. Bc1 Rxg6 49. hxg6 Kd7 50. Kg2 Ke8 51. Kf3 Nd4+ 52. Ke4 Ne2 53.
Bg5 Kf8 54. Bh6+ Kg8 55. Kf5 c1=R 56. Bxc1 Nxc1 57. Ke6 Ne2 58. Kxd6 Nf4 59.
Kc6 Nxd5 1/2-1/2

[Event "DRANCY"]
[Site "DRANCY"]
[Date "21.??.??"]
[Round "1.5"]
[White "Nguyen, Thanh-Tong"]
[Black "Giffard, Nicolas"]
[Result "0-1"]
[WhiteElo "2353"]
[BlackElo "2387"]
[PlyCount "164"]
[EventDate "21.??.??"]
[WhiteTeam "Noisy le Grand"]
[BlackTeam "Drancy"]

1. d4 Nf6 2. Nf3 e6 3. c4 Bb4+ 4. Bd2 Bxd2+ 5. Nbxd2 d5 6. e3 O-O 7. Bd3 b6 8.
Qc2 Bb7 9. O-O Qe7 10. Rfc1 Rc8 11. c5 bxc5 12. Qb3 c6 13. Rxc5 Rc7 14. Rac1
Nbd7 15. R5c2 a5 16. Bb5 Rac8 17. Qd3 Nb8 18. Ba4 Nfd7 19. Qc3 Qb4 20. Qxb4
axb4 21. Nb3 Na6 22. Na5 Nab8 23. Bb5 Ba8 24. a3 bxa3 25. b4 Kf8 26. Bd3 Ra7
27. Ne1 g6 28. Ra1 e5 29. Rxa3 exd4 30. exd4 Re8 31. Kf1 Re6 32. Re2 Bb7 33.
Nc2 Ba6 34. Bxa6 Rxa6 35. Rae3 Rxe3 36. Rxe3 Rb6 37. Ke2 Na6 38. Rb3 Nf6 39. f3
Ne8 40. Kd3 Nd6 41. Kc3 Nc7 42. Kd3 Ndb5 43. Rb1 Ne6 44. g3 Ra6 45. f4 Nd6 46.
Rb2 h5 47. Ne1 h4 48. Nf3 hxg3 49. hxg3 Nf5 50. Rg2 f6 51. Kc3 Kf7 52. Rg1 Nd6
53. Kd3 Rb6 54. Rc1 Rxb4 55. Rxc6 Ne4 56. f5 gxf5 57. Rc8 Nxg3 58. Kc3 Ra4 59.
Nb3 Ne4+ 60. Kb2 Nd6 61. Rh8 Ng5 62. Nh4 f4 63. Nc5 Rxd4 64. Rd8 Rb4+ 65. Ka3
Rb6 66. Rd7+ Ke8 67. Ng6 f3 68. Re7+ Kd8 69. Rd7+ Kc8 70. Ne7+ Kb8 71. Rd8+ Ka7
72. Nd3 Nb5+ 73. Kb4 Nc7+ 74. Ka4 Nge6 75. Rh8 Kb7 76. Rh3 Ng5 77. Nc5+ Ka8 78.
Rh8+ Rb8 79. Rh4 f2 80. Rf4 Ne4 81. Nd3 Rb1 82. Nxf2 Nc3+ 0-1

[Event " "]
[Site "DRANCY"]
[Date "21.??.??"]
[Round "1.6"]
[White "Borne, Niels"]
[Black "Boudiba, Mahfoud"]
[Result "0-1"]
[WhiteElo "2324"]
[BlackElo "2364"]
[PlyCount "80"]
[EventDate "21.??.??"]
[WhiteTeam "Drancy"]

1. d4 d5 2. c4 e6 3. Nf3 c5 4. cxd5 exd5 5. Nc3 Nc6 6. g3 Nf6 7. Bg2 Be7 8. O-O
O-O 9. Bg5 c4 10. Ne5 Be6 11. Nxc6 bxc6 12. b3 Qa5 13. Qc2 Rad8 14. Na4 c5 15.
Nxc5 Bxc5 16. dxc5 Qxc5 17. Bxf6 gxf6 18. Rac1 Rc8 19. Rfd1 Rfd8 20. Qd2 c3 21.
Qf4 Kg7 22. Rd4 Qb6 23. g4 h6 24. Rc2 a5 25. h4 Qd6 26. Qe3 Qe5 27. Rxc3 Rxc3
28. Qxc3 Qxe2 29. g5 Qe5 30. gxf6+ Qxf6 31. Qd2 Qe5 32. Qe3 f6 33. Rd1 d4 34.
Qe4 Bf5 35. Qb7+ Rd7 36. Qf3 Kh7 37. Kh1 Rg7 38. a3 Rg4 39. Rc1 Rxh4+ 40. Kg1
Rg4 0-1

[Event " "]
[Site "DRANCY"]
[Date "21.??.??"]
[Round "1.7"]
[White "Piot, Olivier"]
[Black "Berthelot, Yannick"]
[Result "0-1"]
[WhiteElo "2241"]
[BlackElo "2311"]
[PlyCount "84"]
[EventDate "21.??.??"]
[WhiteTeam "Noisy le Grand"]
[BlackTeam "Drancy"]

1. d4 Nf6 2. c4 g6 3. Nc3 d5 4. cxd5 Nxd5 5. e4 Nxc3 6. bxc3 Bg7 7. Nf3 c5 8.
Be3 Qa5 9. Qd2 Nc6 10. Rc1 cxd4 11. cxd4 Qxd2+ 12. Kxd2 O-O 13. d5 Rd8 14. Ke1
Na5 15. Bg5 f6 16. Bd2 b6 17. Bxa5 bxa5 18. Bc4 f5 19. exf5 Bxf5 20. Ke2 Rab8
21. Rhd1 Bb2 22. Nd4 Bxc1 23. Rxc1 Rb2+ 24. Ke3 Kf8 25. Nc6 Rd7 26. Nxa5 e6 27.
dxe6 Rd6 28. Bb3 Bxe6 29. Nc4 Bxc4 30. Rxc4 Re6+ 31. Kd4 Rxf2 32. Rc8+ Re8 33.
Rc7 Re7 34. Rc8+ Kg7 35. Rg8+ Kh6 36. Bd5 Rd2+ 37. Kc5 Re5 38. Rd8 Rxa2 39. Kd4
Rxd5+ 40. Rxd5 Rd2+ 41. Ke5 Rxd5+ 42. Kxd5 Kg5 0-1

[Event " "]
[Site "DRANCY"]
[Date "21.??.??"]
[Round "1.8"]
[White "Lefevre, Margaux"]
[Black "Tatard, Marie"]
[Result "0-1"]
[WhiteElo "1944"]
[BlackElo "1905"]
[PlyCount "90"]
[EventDate "21.??.??"]
[WhiteTeam "Drancy"]

1. e4 e6 2. d4 d5 3. Nc3 Nf6 4. Bg5 Be7 5. e5 Nfd7 6. h4 a6 7. Qg4 Kf8 8. Rh3
c5 9. Rf3 Nc6 10. Qf4 Qe8 11. Bh6 Rg8 12. Rg3 Nxd4 13. Bd3 Nf5 14. Bxf5 exf5
15. O-O-O Nxe5 16. Rxg7 Rxg7 17. Bxg7+ Kxg7 18. Qxe5+ f6 19. Qg3+ Kf7 20. Nxd5
Bd8 21. Qf3 Qe4 22. Qxe4 fxe4 23. Nc3 Bf5 24. Rd5 Ke6 25. Nge2 Bc7 26. Rxc5 Be5
27. Rc4 b5 28. Rc6+ Kd7 29. Rc5 b4 30. Nd5 Kd6 31. Ra5 Be6 32. Nxb4 Bc4 33. Ng1
Bd4 34. c3 Bxf2 35. Nh3 Bxh4 36. Rh5 Bg3 37. b3 Bf1 38. Nc2 Bxg2 39. Rxh7 Bf3
40. Rg7 Be5 41. c4 Rh8 42. Nf2 Rh2 43. Ng4 Rh1+ 44. Kd2 Rd1+ 45. Ke3 Rd3+ 0-1

[Event " "]
[Site "NIORT"]
[Date "21.??.??"]
[Round "1.1"]
[White "David, Vincent"]
[Black "Murey, Jacob"]
[Result "1-0"]
[WhiteElo "2396"]
[BlackElo "2417"]
[PlyCount "29"]
[EventDate "21.??.??"]
[WhiteTeam "Niort"]
[BlackTeam "Chess XV"]

1. d4 f5 2. g3 Nf6 3. Bg2 g6 4. b3 Bg7 5. Bb2 c6 6. Nd2 d6 7. Nh3 O-O 8. O-O
Kh8 9. c4 Be6 10. Qc2 Nbd7 11. Rad1 Bg8 12. e4 e6 13. exf5 exf5 14. Rfe1 Re8
15. Nf4 {SUITE ILLISIBLE} 1-0

[Event " "]
[Site "NIORT"]
[Date "21.??.??"]
[Round "1.2"]
[White "Mayaud, Raphael"]
[Black "Tranchant, Sebastien"]
[Result "1/2-1/2"]
[WhiteElo "2205"]
[BlackElo "2247"]
[PlyCount "39"]
[EventDate "21.??.??"]
[WhiteTeam "Chess XV"]

1. d4 Nf6 2. Nf3 c5 3. e3 g6 4. Be2 Bg7 5. O-O b6 6. c4 O-O 7. Nc3 d6 8. b3 e6
9. Bb2 Qe7 10. Qc2 Bb7 11. Rfd1 Nc6 12. Rac1 Rfd8 13. Qb1 cxd4 14. Nxd4 Nxd4
15. Rxd4 d5 16. cxd5 Nxd5 17. Nxd5 Bxd5 18. Rdd1 Rac8 19. Bxg7 Kxg7 20. Rxc8
1/2-1/2

[Event " "]
[Site "NIORT"]
[Date "21.??.??"]
[Round "1.3"]
[White "Demuth, Adrien"]
[Black "Glicenstein, Asher"]
[Result "0-1"]
[WhiteElo "2256"]
[BlackElo "2250"]
[PlyCount "117"]
[EventDate "21.??.??"]
[WhiteTeam "Niort"]
[BlackTeam "Chess XV"]

1. d4 Nf6 2. c4 c5 3. d5 e6 4. Nc3 exd5 5. cxd5 d6 6. Nf3 g6 7. h3 Bg7 8. e4
O-O 9. Bd3 b5 10. Nxb5 Re8 11. O-O Nxe4 12. Re1 a6 13. Na3 Nf6 14. Rxe8+ Nxe8
15. Bg5 Qc7 16. Qa4 Nf6 17. Re1 Bb7 18. Qh4 Nbd7 19. Nc4 Nxd5 20. Bd2 N7f6 21.
Qg3 Bf8 22. Ng5 Re8 23. Rxe8 Nxe8 24. Na5 Bc8 25. Bc4 Nef6 26. Qf3 h6 27. Ne4
Nxe4 28. Qxe4 Ne7 29. Qa8 Qb6 30. b3 h5 31. Qf3 Be6 32. Bxe6 fxe6 33. Nc4 Qc6
34. Qf6 Qd7 35. Bc3 Nf5 36. Qxg6+ Bg7 37. Bxg7 Nxg7 38. Qg3 d5 39. Ne5 Qe7 40.
Nd3 c4 41. Nf4 h4 42. Qc3 Qa3 43. Qc2 Qb4 44. bxc4 dxc4 45. Qc1 Kf7 46. Ne2 $11
Nf5 47. Nc3 Ke7 48. Ne4 Nd6 49. Qg5+ Kd7 50. Nxd6 Kxd6 51. Qd8+ Kc5 52. Qg5+
Kd4 53. Qxh4+ Kd3 54. Qg3+ Kc2 55. h4 c3 56. h5 Kb2 57. Qe5 Qb5 58. Qf6 e5 59.
h6 0-1

[Event " "]
[Site "NIORT"]
[Date "21.??.??"]
[Round "1.4"]
[White "Martenet, Jean-Baptiste"]
[Black "Alet, Jean-Pierre"]
[Result "1/2-1/2"]
[WhiteElo "2053"]
[BlackElo "2192"]
[PlyCount "86"]
[EventDate "21.??.??"]
[WhiteTeam "Chess XV"]

1. e4 Nf6 2. Nc3 d5 3. e5 Ne4 4. Nxe4 dxe4 5. d4 exd3 6. Qxd3 Qxd3 7. Bxd3 Bd7
8. Ne2 Nc6 9. Bf4 g6 10. Bg3 Bg7 11. f4 O-O-O 12. O-O-O f6 13. exf6 Bxf6 14.
Bb5 a6 15. Ba4 Bg4 16. Bxc6 bxc6 17. Rxd8+ Rxd8 18. Re1 Rd5 19. h3 Bf5 20. Bf2
Ra5 21. a3 Ra4 22. g4 Bd7 23. Bg3 h5 24. g5 Bg7 25. Ng1 Kd8 26. h4 Bg4 27. c3
e6 28. Kc2 Ra5 29. Re3 Rd5 30. Nf3 Bxf3 31. Rxf3 Rf5 32. Re3 Kd7 33. Re4 Kd6
34. Ra4 a5 35. c4 Bd4 36. b3 e5 37. fxe5+ Bxe5 38. Be1 Bd4 39. Rxa5 Rxa5 40.
Bxa5 $11 Bf2 41. Kd3 Bxh4 42. Bd2 Bg3 43. Ke4 c5 1/2-1/2

[Event " "]
[Site "NIORT"]
[Date "21.??.??"]
[Round "1.5"]
[White "Voisembert, Alain"]
[Black "Roman, Dimitri"]
[Result "0-1"]
[WhiteElo "2127"]
[BlackElo "2083"]
[PlyCount "42"]
[EventDate "21.??.??"]
[WhiteTeam "Niort"]
[BlackTeam "Chess XV"]

1. e4 e5 2. Bc4 Nc6 3. Nf3 Nf6 4. d4 exd4 5. Nxd4 Bc5 6. Nxc6 bxc6 7. Nc3 O-O
8. O-O d6 9. Bg5 h6 10. Bh4 Rb8 11. Bb3 Re8 12. Qd3 Rb4 13. Rfe1 g5 14. e5 Nd5
15. Nxd5 cxd5 16. Bxd5 Rxh4 17. Qg6+ Kh8 18. Bxf7 Rxe5 19. Rxe5 dxe5 20. g3
Bxf2+ 21. Kxf2 Qd2+ 0-1

[Event " "]
[Site "NIORT"]
[Date "21.??.??"]
[Round "1.6"]
[White "Pham-Hieu, Tuong"]
[Black "Do, Huu-Thi"]
[Result "0-1"]
[WhiteElo "2050"]
[BlackElo "2162"]
[PlyCount "86"]
[EventDate "21.??.??"]
[WhiteTeam "Chess XV"]

1. e4 c5 2. Nf3 e6 3. d4 cxd4 4. Nxd4 a6 5. Be2 Nf6 6. Bf3 Qc7 7. O-O Nc6 8.
Nxc6 dxc6 9. Re1 e5 10. Nd2 Be6 11. Qe2 Bc5 12. c3 a5 13. b3 O-O 14. Nf1 b5 15.
Be3 Be7 16. h3 Rfb8 17. Nd2 h6 18. Rec1 c5 19. c4 b4 20. a3 Bd7 21. Ra2 Bc6 22.
Rca1 Qb7 23. Qd3 Nd7 24. a4 Rd8 25. Qc2 Nf8 26. Re1 Ne6 27. Qb1 Ng5 28. Bxg5
Bxg5 29. Nf1 Rd4 30. g3 h5 31. h4 Bh6 32. Rae2 g6 33. g4 hxg4 34. Bxg4 Qe7 35.
f3 Bf4 36. Ne3 Bxe3+ 37. Rxe3 Qxh4 38. Kg2 f5 39. Bh3 f4 40. Be6+ Kg7 41. R3e2
Qg3+ 42. Kf1 Rh8 43. Rf2 Rd2 0-1

[Event " "]
[Site "NIORT"]
[Date "21.??.??"]
[Round "1.7"]
[White "Lambert, Romain"]
[Black "Almazan, Jerome"]
[Result "1/2-1/2"]
[WhiteElo "1837"]
[BlackElo "1954"]
[PlyCount "85"]
[EventDate "21.??.??"]
[WhiteTeam "Niort"]
[BlackTeam "Chess XV"]

1. d4 d5 2. c4 dxc4 3. Nf3 Nf6 4. e3 e6 5. Bxc4 c5 6. O-O a6 7. dxc5 Qxd1 8.
Rxd1 Bxc5 9. a3 Nbd7 10. b4 Be7 11. Bb2 b5 12. Be2 Bb7 13. Nbd2 O-O 14. Rac1
Rfc8 15. Nb3 Bd5 16. Na5 Bd8 17. Ne5 Nxe5 18. Bxe5 Bxa5 19. bxa5 Bb3 20. Re1
Nd7 21. Bd6 Bd5 22. f3 Rc6 23. Rxc6 Bxc6 24. Rc1 Bd5 25. Rc7 Nf6 26. Be5 Ne8
27. Rc5 f6 28. Bc3 Kf7 29. Kf2 Ra7 30. e4 Ba8 31. Ke3 g6 32. f4 Nd6 33. Bd3 f5
34. exf5 Nxf5+ 35. Bxf5 gxf5 36. g3 Bd5 37. Be5 Ke7 38. Kd4 Kd7 39. Kc3 Bc6 40.
Kb4 Rb7 41. Rc3 h5 42. Rd3+ Bd5 43. Rc3 1/2-1/2

[Event " "]
[Site "NIORT"]
[Date "21.??.??"]
[Round "1.8"]
[White "Danielyan, Siramarg"]
[Black "Marchais, Aurelie"]
[Result "0-1"]
[WhiteElo "1499"]
[BlackElo "1777"]
[PlyCount "74"]
[EventDate "21.??.??"]
[WhiteTeam "Chess XV"]

1. e3 d5 2. d4 Nf6 3. b3 Bf5 4. Ba3 c6 5. Nd2 Qa5 6. Qc1 Ne4 7. Ngf3 Bg4 8. b4
Qb6 9. Nxe4 dxe4 10. Nd2 Bf5 11. Be2 e6 12. b5 Bxa3 13. Qxa3 Qc7 14. Nc4 Qe7
15. Nd6+ Kd7 16. bxc6+ Nxc6 17. Nc4 Qxa3 18. Nxa3 Rhc8 19. O-O Ke7 20. c4 b6
21. Rfd1 Nb4 22. Rdb1 Nd3 23. Rb3 Rc6 24. f3 Nc5 25. dxc5 Rxc5 26. Rd1 Rac8 27.
Rb2 exf3 28. gxf3 Bh3 29. f4 g5 30. Rbd2 gxf4 31. Rd7+ Kf6 32. exf4 Rg8+ 33.
Kf2 Rg2+ 34. Ke3 Rxh2 35. Bh5 Rxh5 36. Nb5 Bf5 37. R1d2 R5h3+ 0-1

[Event " "]
[Site "GUINGAMP"]
[Date "21.??.??"]
[Round "1.1"]
[White "Le Roux, Jean-Pierre"]
[Black "Marholev, Dimitar"]
[Result "1-0"]
[WhiteElo "2477"]
[BlackElo "2398"]
[PlyCount "65"]
[EventDate "21.??.??"]
[WhiteTeam "Guingamp"]
[BlackTeam "C.E. Nantes"]

1. d4 g6 2. e4 Bg7 3. Nf3 d6 4. Bc4 e6 5. Nc3 a6 6. Bb3 Ne7 7. h4 h6 8. h5 g5
9. O-O Nbc6 10. d5 exd5 11. exd5 Na5 12. Nd4 Nxb3 13. axb3 Nf5 14. Re1+ Kf8 15.
Nxf5 Bxf5 16. Ra4 b5 17. Rb4 a5 18. Rxb5 Bd7 19. Qd3 Be5 20. Be3 Bxb5 21. Nxb5
a4 22. bxa4 Rxa4 23. b3 Rh4 24. g3 Rxh5 25. Qf5 Qf6 26. Qg4 Qg6 27. Nxc7 Kg7
28. Bd4 Qxc2 29. Nb5 Kg6 30. Nxd6 Bxd6 31. Bxh8 Qd2 32. Qe4+ f5 33. Qe8+ 1-0

[Event " "]
[Site "GUINGAMP"]
[Date "21.??.??"]
[Round "1.2"]
[White "Chabradze, Boris"]
[Black "Terrieux, Kevin"]
[Result "1/2-1/2"]
[WhiteElo "2161"]
[BlackElo "2367"]
[PlyCount "39"]
[EventDate "21.??.??"]
[WhiteTeam "C.E. Nantes"]

1. e4 c5 2. Nf3 Nc6 3. d4 cxd4 4. Nxd4 Nf6 5. Nc3 e5 6. Ndb5 d6 7. Bg5 a6 8.
Na3 b5 9. Bxf6 gxf6 10. Nd5 f5 11. Bd3 Be6 12. c3 Bxd5 13. exd5 Ne7 14. Nxb5
Bg7 15. Na3 O-O 16. O-O e4 17. Bc2 Rc8 18. Bb3 Rc5 19. Qe2 a5 20. f3 1/2-1/2

[Event " "]
[Site "GUINGAMP"]
[Date "21.??.??"]
[Round "1.3"]
[White "Alanic, Xavier"]
[Black "Crouan, Stephane"]
[Result "1-0"]
[WhiteElo "2266"]
[BlackElo "2207"]
[PlyCount "61"]
[EventDate "21.??.??"]
[WhiteTeam "Guingamp"]
[BlackTeam "C.E. Nantes"]

1. c4 c5 2. Nc3 Nf6 3. e4 Nc6 4. g3 e6 5. Bg2 a6 6. Nge2 Qc7 7. O-O Nd4 8. d3
d6 9. Be3 Nxe2+ 10. Qxe2 Be7 11. g4 Nd7 12. f4 Rb8 13. a4 b6 14. Rf3 Bb7 15.
Rh3 Bc6 16. g5 b5 17. axb5 axb5 18. Rf1 bxc4 19. dxc4 Qb6 20. Bc1 Qb4 21. Nd5
Bxd5 22. exd5 e5 23. b3 Ra8 24. Qg4 Qb7 25. g6 fxg6 26. Rxh7 Rxh7 27. Qxg6+ Kd8
28. Qxh7 Bf6 29. fxe5 Bxe5 30. Bh3 Qxb3 31. Bxd7 1-0